Statistiques concernant Langues turciques

Cliquez ici pour prendre le quiz!

Statistiques générales

  • Ce quiz a été pris 109 fois
  • Le résultat moyen est 5 sur 10

Statistiques - réponses

Nombre de millions de locuteursRéponse% Correct
95Turc
100%
16Kazakh
86%
25Ouzbek
81%
35Azéri
75%
7Turkmène
56%
4Kirghize
49%
15Ouïghour
43%
8Tatar
36%
2Bachkir
11%
2Tchouvache
9%

Distribution des résultats

Percentile par nombre de réponses

% des personnes avec chaque résultat

Votre développement - résultats

Vous n’avez pas pris ce quiz